Biggest Turkish Cities A-Z - Statistics

General Stats
  • This quiz has been taken 85 times
  • The average score is 10 of 22
Answer Stats
Letter Population City % Correct
A 5,186,002 Ankara
100%
I 15,244,936 Istanbul
97%
B 2,051,464 Bursa
86%
K 1,365,287 Konya
70%
V 525,016 Van
69%
G 1,680,723 Gaziantep
66%
D 1,087,786 Diyarbakır
62%
M 1,040,507 Mersin
62%
T 293,661 Trabzon
58%
S 639,930 Samsun
56%
E 789,023 Eskişehir
39%
Z 101,749 Zonguldak
39%
R 122,555 Rize
38%
O 252,186 Osmaniye
30%
Y 133,109 Yalova
28%
C 308,073 Çorlu
27%
U 229,463 Uşak
27%
N 161,224 Niğde
25%
L 125,404 Lüleburgaz
15%
F 111,231 Fethiye
10%
P 109,439 Polatlı
6%
H 62,252 Hendek
0%
No matching quizzes found
Score Distribution
Percent of People with Each Score
Percentile by Number Answered
Your Score History
You have not taken this quiz